000 01009nam a2200265 a 4500
005 20160610101824.0
008 980625s1997 ck b f001 0 spa d
020 _a9586017419
040 _aDIDB
_cDIDB
_dDLC
_dCO-BoIAVH
041 0 _aspa
044 _ack
082 0 4 _a352.34
_bV66e
100 2 _aWiesner Durán, Eduardo.
_eautor
245 1 3 _aLa efectividad de las políticas públicas en Colombia :
_bun análisis neoinstitucional /
_cpor Eduardo Wiesner Durán.
250 _aPrimera edición
260 _aSantafé de Bogotá :
_bTercer Mundo Editores :
_bDepartamento Nacional de Planeación,
_c1997.
300 _axxv, 308 páginas ;
_c23 x 16 cm.
490 0 _aColección Editorial 40 años
500 _aIncluye índice.
504 _aIncluye referencias bibliográficas : páginas 289-301.
650 2 6 _aInfraestructura económcia
_zColombia.
651 2 6 _aColombia
_xPolítica económica
651 2 6 _aColombia
_xSituación económica
_y1970-
942 _2ddc
_cLIBRO
999 _c4282
_d4282